000 00365nam a22001217a 4500
999 _c516166
_d516166
082 _aTNC P52x54 H336
100 _aHazary, Subas Chandra
_922588
245 _aStudent politics in India
260 _aNew Delhi
_bAshish publication house
_c1987
300 _a287p
650 _aCollege Students - political activity - India
_922589
650 _aCase studies
_922590